Avrupa konseyi : (Kayıt no. 10232)

MARC ayrıntıları
000 -BAŞLIK
Sabit Uzunluktaki Kontrol Alanı 00722nam a22002177a 4500
003 - KONTROL NUMARASI KİMLİĞİ
Kontrol Alanı KOHA_MİRAKIL
005 - EN SON İŞLEM TARİHİ ve ZAMANI
Kontrol Alanı 20260414110947.0
008 - SABİT UZUNLUKTAKİ VERİ ÖGELERİ - GENEL BİLGİ
Sabit Alan 260414b tu ||||| |||| 00| 0 tur d
020 ## - ISBN - ULUSLARARASI STANDART KİTAP NUMARASI
Isbn 9757237159
040 ## - KATALOGLAMA KAYNAĞI
Özgün Kataloglama Kurumu TR-AnABB
Kataloglama Dili tur
Çeviri Kurumu TR-AnABB
041 ## - DİL KODU
Metin ya da ses kaydının dil kodu tur
082 ## - DEWEY ONU SINIFLAMA SİSTEMİ
Sınıflama Numarası 341.2422
Cutter numarası ERB 1999
100 1# - KİŞİ ADI
Yazar Adı (Kişi adı) Erbay, Yusuf
245 10 - ESER ADI BİLDİRİMİ
Başlık Avrupa konseyi :
Alt Eseradı vb. yerel ve bölgesel yönetimler kongresi yerel yönetimlerimizin avrupa platformu /
Sorumluluk Bildirimi Yusuf Erbay, Zerrin Yener
260 ## - YAYIN, DAĞITIM, VB.
Yayın Yeri İstanbul :
Yayınevi WALD,
Yayın Tarihi 1999
300 ## - FİZİKSEL TANIMLAMA
Sayfa, Cilt vb. 175 sayfa ;
Boyutları 24 cm
504 ## - BİBLİYOGRAFİ NOTU
Bibliyografi Notu Kaynakça 171-172 sayfaları arasındadır.
650 04 - KONU BAŞLIĞI EK GİRİŞ - KONU TERİMİ
Konusal terim veya coğrafi ad Avrupa konseyi, kuruluş ve tarihçe
700 1# - EK GİRİŞ - KİŞİ ADI
Yazar Adı (Kişi adı) Yener, Zerrin
9 (RLIN) 3423
942 ## - EK GİRİŞ ÖGELERİ (KOHA)
Sınıflama Kaynağı Dewey Decimal Classification
Materyal Türü Kitap
900 ## - YEREL BİLGİ
Kontrol Can ÇELIK
Mevcut
Geri Çekilme Durumu Kayıp Durumu Sınıflandırma Kaynağı Kredi için değil Kalıcı Konum Mevcut Konum Kayıt Tarih Toplam Ödünçverme Yer Numarası Demirbaş Numarası Son Görülme Tarihi Fatura Tarihi Materyal Türü
    Dewey Decimal Classification   Prof. Dr. Ruşen Keleş Kütüphanesi Prof. Dr. Ruşen Keleş Kütüphanesi 14/04/2026   341.2422 ERB 1999 RK7072 14/04/2026 14/04/2026 Kitap